000 00370nam a22001457a 4500
003 OSt
005 20210916162905.0
008 210916b |||||||| |||| 00| 0 eng d
040 _aHU
_cDDC
082 _a320.1/PEO
245 _aPeople, Space and State
260 _aAddis Abeba
_bAlula pankhrst and Francois Piguet
_c2004
300 _axx,697P 20cm
942 _2ddc
_cBOOKS
_n0
999 _c4551
_d4551